000 00377nam a2200145Ia 4500
005 20251222153649.0
008 251222s9999||||xx |||||||||||||| ||spa||
020 _a9972221156
082 _a338.98/T77
100 _aTownsend, Ana Elena
245 0 _aUn Mundo sin Pobreza ni Exclusión
250 _a1ra.ed.
264 _bFondo Editorial del Congreso del Perú
942 _cLIB
999 _c33039
_d33039